000 00649nam a2200217Ia 4500
003 OSt
005 20230410163919.0
008 210423s2017 xx 000 0 und d
020 _a978-93-81345-03-0
040 _cAL
041 _aeng
082 _a791.43
_223
_bMUKV
100 _aMUKHERJEE (Madhuja)
_985711
245 _aVoices of the talking stars: women of Indian cinema and beyond
260 _aNew Delhi
_bSage Publications
_c2017
300 _axviii,194
_bPB
365 _b495
_cINR
650 _aMotion Pictures, Radio, Television
_985712
906 _abeyond ; cinema ; Indian ; stars: ; talking ; Voices ; women
942 _2ddc
_cBK
999 _c169604
_d169604